La domination espagnole à Oran sous le gouvernement du comte d'Alcaudete, 1534-1558 (Record no. 164125)

MARC details
000 -LEADER
campo de control de longitud fija 01213nam a22002295i 4500
001 - NÚMERO DE CONTROL
campo de control 164125
003 - IDENTIFICADOR DE NÚMERO DE CONTROL
campo de control ES-MaACL
005 - FECHA Y HORA DE LA ÚLTIMA TRANSACCIÓN
campo de control 20230906212857.0
008 - DATOS DE LONGITUD FIJA--INFORMACIÓN GENERAL
campo de control de longitud fija 991201s1900 fr |||| | fre d
100 1# - ENTRADA PRINCIPAL--NOMBRE DE PERSONA
Nombre de persona Ruff, Paul.
9 (RLIN) 132164
245 13 - MENCIÓN DEL TÍTULO
Título La domination espagnole à Oran sous le gouvernement du comte d'Alcaudete, 1534-1558
Resto del título : avec un appendice contenant six documents inédits : mémoire présenté a l'École des Lettres d'Alger /
Mención de responsabilidad, etc. par Paul Ruff.
260 ## - PUBLICACIÓN, DISTRIBUCIÓN, ETC.
Lugar de publicación, distribución, etc. Paris :
Nombre del editor, distribuidor, etc. Ernest Leroux,
Fecha de publicación, distribución, etc. 1900.
300 ## - DESCRIPCIÓN FÍSICA
Extensión V, 180 p. ;
Dimensiones 24 cm.
490 1# - MENCIÓN DE SERIE
Mención de serie Publications de l'École des Lettres d'Alger. Bulletin de correspondance africaine ;
Designación de volumen o secuencia 23
530 ## - NOTA DISPONIBLE DE FORMULARIO FÍSICO ADICIONAL
Nota de formato físico adicional disponible Disponible en formato digital.
600 14 - PUNTO DE ACCESO ADICIONAL DE MATERIA--NOMBRE DE PERSONA
Nombre de persona Alcaudete, Martín de Córdoba y Velasco
Títulos y otros términos asociados al nombre Conde de.
9 (RLIN) 154573
651 #4 - PUNTO DE ACCESO ADICIONAL DE MATERIA--NOMBRE GEOGRÁFICO
Nombre geográfico Orán-
Subdivisión general Historia-
Subdivisión cronológica 1509-1708, Dominación española.
9 (RLIN) 171481
830 1# - PUNTO DE ACCESO ADICIONAL DE SERIE-TÍTULO UNIFORME
Título uniforme Publications de l'École des Lettres d'Alger. Bulletin de correspondance africaine ;
Designación de volumen o secuencia 23
9 (RLIN) 222333
852 ## - LOCALIZACIÓN
Ubicación ES-MaACL
Número de control de estantería T-1439-F-2
Nota libre - Enc. hol. conservando cub. original
-- - Enc. en un vol. facticio
856 ## - LOCALIZACIÓN Y ACCESO ELECTRÓNICOS
Identificador Uniforme de Recursos <a href="http://bibliotecavirtualdefensa.es/BVMDefensa/es/consulta/registro.do?id=16617">http://bibliotecavirtualdefensa.es/BVMDefensa/es/consulta/registro.do?id=16617</a>
Nota pública Biblioteca Virtual de Defensa
Holdings
Estatus retirado Estado de pérdida Estado de daño No para préstamo Colección Biblioteca de origen Biblioteca actual Ubicación en estantería Fecha de adquisición Total de préstamos Signatura topográfica completa Código de barras Visto por última vez Precio de reemplazo Tipo de ítem Koha
        Colección de folletos Biblioteca del Ateneo de Madrid Biblioteca del Ateneo de Madrid Depósito folletos 17/01/2008   T-1439-F-2 1172015 23/02/2023 23/02/2023 Folleto